MARC

LEADER 00000nam0a2200000 4500
001 253884
005 20231101232903.0
010 |a 5211004523 
035 |a (RuTPU)RU\TPU\book\276302 
090 |a 253884 
100 |a 20140317d1989 k y0rusy50 ca 
101 0 |a rus 
102 |a RU 
105 |a a z 001zy 
200 1 |a Антарктида: прошлое и будущее оледенения  |f С. М. Мягков 
210 |a Москва  |c Изд-во Московского ун-та  |d 1989 
215 |a 159 с.  |c ил. 
320 |a Библиогр.: с. 157-159. 
606 1 |a Оледенение  |2 stltpush  |3 (RuTPU)RU\TPU\subj\46946  |9 66025 
610 1 |a Антарктида 
610 1 |a прошлое 
610 1 |a будущее 
610 1 |a история 
610 1 |a география 
610 1 |a рельеф 
610 1 |a тектоническое развитие 
610 1 |a кайнозой 
610 1 |a ледниковый покров 
610 1 |a ледники 
610 1 |a климат 
610 1 |a колебания 
675 |a 551.324  |v 3 
700 1 |a Мягков  |b С. М.  |g Сергей Михайлович 
801 1 |a RU  |b 63413507  |c 20140317 
801 2 |a RU  |b 63413507  |c 20140425  |g RCR 
942 |c BK